000
00352 a2200169 4500
001
172113
020
_a
85-16-00556-9
040
_c
Magnum
100
_a
Borges, Rogerio
240
1
0
_a
Mágica de coelho
_l
por
245
1
0
_a
Mágica de coelho
300
_a
24
362
0
_a
1991
440
1
_a
Moderna
697
_a
LITERATURA INFANTO
942
_c
BK
999
_c
172113
_d
172113